Southville International School and Colleges
Your cart is empty.
  • Cart
  • Lists
    Public lists Eva Luna New books Lux_list list_1
    Your lists Log in to create your own lists
  • Log in to your account
  • Your cookies
  • Search history
Southville International School and Colleges
  • Advanced search
  • Recent comments
  • Most popular
  • Libraries

Log in to your account

Log in with GOOGLE


If you do not have an external account, but do have a local account, you can still log in:

  1. Home
  2. MARC view: Eleanor & Park /
Normal view MARC view ISBD view

Eleanor & Park / (Record no. 297759)

[ view plain ]
MARC details
000 -LEADER
fixed length control field 01468cam a2200373 i 4500
001 - CONTROL NUMBER
control field 17542815
003 - CONTROL NUMBER IDENTIFIER
control field SISC
005 - DATE AND TIME OF LATEST TRANSACTION
control field 20240807151519.0
008 - FIXED-LENGTH DATA ELEMENTS--GENERAL INFORMATION
fixed length control field 121128s2013 nyu d 000 1 eng
010 ## - LIBRARY OF CONGRESS CONTROL NUMBER
LC control number 2012042136
020 ## - INTERNATIONAL STANDARD BOOK NUMBER
International Standard Book Number 9781250012579 (hardback)
020 ## - INTERNATIONAL STANDARD BOOK NUMBER
International Standard Book Number 9781250031211 (ebook)
040 ## - CATALOGING SOURCE
Original cataloging agency DLC
Language of cataloging eng
Transcribing agency DLC
Description conventions rda
Modifying agency DLC
042 ## - AUTHENTICATION CODE
Authentication code pcc
-- lcac
050 00 - LIBRARY OF CONGRESS CALL NUMBER
Classification number PZ 7.R79613
Item number Ele 2013
082 00 - DEWEY DECIMAL CLASSIFICATION NUMBER
Classification number [Fic]
084 ## - OTHER CLASSIFICATION NUMBER
Classification number JUV026000
Source of number bisacsh
100 1# - MAIN ENTRY--PERSONAL NAME
Personal name Rowell, Rainbow.
245 10 - TITLE STATEMENT
Title Eleanor & Park /
Statement of responsibility, etc Rainbow Rowell.
246 3# - VARYING FORM OF TITLE
Title proper/short title Eleanor and Park
250 ## - EDITION STATEMENT
Edition statement First edition.
300 ## - PHYSICAL DESCRIPTION
Extent 328 pages ;
Dimensions 21 cm.
520 ## - SUMMARY, ETC.
Summary, etc "Set over the course of one school year in 1986, this is the story of two star-crossed misfits--smart enough to know that first love almost never lasts, but brave and desperate enough to try"--
650 #1 - SUBJECT ADDED ENTRY--TOPICAL TERM
Topical term or geographic name as entry element Love
Form subdivision Fiction.
650 #1 - SUBJECT ADDED ENTRY--TOPICAL TERM
Topical term or geographic name as entry element Dating (Social customs)
Form subdivision Fiction.
650 #1 - SUBJECT ADDED ENTRY--TOPICAL TERM
Topical term or geographic name as entry element High schools
Form subdivision Fiction.
650 #1 - SUBJECT ADDED ENTRY--TOPICAL TERM
Topical term or geographic name as entry element Schools
Form subdivision Fiction.
650 #7 - SUBJECT ADDED ENTRY--TOPICAL TERM
Topical term or geographic name as entry element JUVENILE FICTION / Love & Romance.
Source of heading or term bisacsh
651 #1 - SUBJECT ADDED ENTRY--GEOGRAPHIC NAME
Geographic name Omaha (Neb.)
General subdivision History
Chronological subdivision 20th century
Form subdivision Fiction.
856 42 - ELECTRONIC LOCATION AND ACCESS
Materials specified Cover image
Uniform Resource Identifier <a href="http://www.netread.com/jcusers2/bk1388/579/9781250012579/image/lgcover.9781250012579.jpg">http://www.netread.com/jcusers2/bk1388/579/9781250012579/image/lgcover.9781250012579.jpg</a>
906 ## - LOCAL DATA ELEMENT F, LDF (RLIN)
a 7
b cbc
c orignew
d 1
e ecip
f 20
g y-gencatlg
942 ## - ADDED ENTRY ELEMENTS (KOHA)
Source of classification or shelving scheme Library of Congress Classification
Koha item type Books
Holdings
Withdrawn status Lost status Source of classification or shelving scheme Damaged status Home library Current library Shelving location Date acquired Source of acquisition Total Checkouts Total Renewals Full call number Barcode Checked out Date last seen Date checked out Price effective from Koha item type Public note
    Library of Congress Classification   Luxembourg Library Luxembourg Library Fiction Section 02/18/2020 Donation 1 3 PZ 7 .R79613Ele 2013 20917 05/30/2020 03/03/2020 03/03/2020 02/24/2020 Books Donated by Carmela Daquila

Eleanor & Park /

APA

Rowell R., .Eleanor & Park. : .

Chicago

Rowell Rainbow, .Eleanor & Park. : .

Harvard

Rowell R., .Eleanor & Park. : .

MLA

Rowell Rainbow, .: . .

  • Place hold
  • Print
  • Cite
  • Add to your cart (remove)
  • Save record
    BIBTEX Dublin Core MARCXML MARC (non-Unicode/MARC-8) MARC (Unicode/UTF-8) MARC (Unicode/UTF-8, Standard) MODS (XML) RIS
  • More searches
    Search for this title in:
    Other Libraries (WorldCat) Other Databases (Google Scholar) Online Stores (Bookfinder.com) Open Library (openlibrary.org)

Exporting to Dublin Core...

SOUTHVILLE LIBRARY

Southville International School and Colleges Library

1281 Tropical Ave. Cor. Luxembourg St., BF Homes International, Las Pinas City

Tel. No. 8256374 / 252358 Loc. 117/146

Powered by Koha